| 000 | 00446nam a2200145 a 4500 | ||
|---|---|---|---|
| 001 | 000033583 | ||
| 005 | 20200930070350.0 | ||
| 008 | 110901s1882 es 000 0 spa d | ||
| 040 |
_aDO-SdBNP _bspa _cBNPHU |
||
| 100 | 1 |
_aRoselly de Lorgues _d1805-1898. _959075 |
|
| 245 | 1 | 0 |
_aLes deux cercueils de Christophe Colomb / _cRoselly de Lorgues. |
| 260 |
_aParis : _bImprime par Pillet et Dumoulin, _c1882. |
||
| 300 |
_a55 p. ; _c23 cm. |
||
| 049 | _aBNPD | ||
| 999 |
_c33074 _d33074 |
||